000 00462nam a2200181Ia 4500
001 20167
005 20260306172746.0
008 260306t1995||||xx |||||||||||||| ||spa||
041 _aESP
082 _a343.8113
_bG45
100 _aGildemeister Ruiz Huidobro, Alfredo
_eAUT
245 0 _aDerecho tributario internacional:
_blos establecimientos permanetes
260 _c1995
300 _a
_c
650 _aGEN
654 _aCDE
942 _cLIB
_dJUS
_fJUS
_2ddc
_n
999 _c20167
_d20167